[Event "Superfinal Championship 2022 Men"]
[Site "Cheboksary"]
[Date "2022.09.18"]
[Round "7.6"]
[White "Matlakov, Maxim"]
[Black "Nesterov, Arseniy"]
[Result "1/2-1/2"]
[BlackElo "2575"]
[WhiteElo "2671"]
[LiveChessVersion "1.4.8"]

1. d4 {[%clk 1:30:51]} d5 {[%clk 1:30:54]} 2. c4 {[%clk 1:31:12]} c6
{[%clk 1:31:19]} 3. Nf3 {[%clk 1:28:29]} Nf6 {[%clk 1:31:33]} 4. e3
{[%clk 1:28:54]} e6 {[%clk 1:30:30]} 5. b3 {[%clk 1:25:49]} Nbd7 {[%clk 1:30:09]}
6. Bd3 {[%clk 1:25:14]} Bd6 {[%clk 1:23:12]} 7. Bb2 {[%clk 1:23:03]} O-O
{[%clk 1:23:33]} 8. O-O {[%clk 1:21:44]} b6 {[%clk 1:23:06]} 9. Nc3
{[%clk 1:17:06]} Bb7 {[%clk 1:23:09]} 10. Qc2 {[%clk 1:17:23]} h6
{[%clk 1:05:14]} 11. Rad1 {[%clk 1:10:05]} Re8 {[%clk 0:55:07]} 12. Rfe1
{[%clk 0:51:04]} Qe7 {[%clk 0:49:10]} 13. e4 {[%clk 0:46:15]} dxe4
{[%clk 0:49:34]} 14. Nxe4 {[%clk 0:45:53]} Nxe4 {[%clk 0:49:58]} 15. Bxe4
{[%clk 0:42:49]} Nf6 {[%clk 0:50:18]} 16. Bd3 {[%clk 0:42:17]} Rad8
{[%clk 0:50:28]} 17. h3 {[%clk 0:23:20]} Qf8 {[%clk 0:50:36]} 18. Ne5
{[%clk 0:13:25]} c5 {[%clk 0:46:46]} 19. dxc5 {[%clk 0:13:25]} Bxc5
{[%clk 0:47:03]} 20. Qe2 {[%clk 0:13:39]} Bb4 {[%clk 0:38:30]} 21. Rf1
{[%clk 0:14:00]} Qe7 {[%clk 0:37:43]} 22. Bc2 {[%clk 0:11:47]} Rxd1
{[%clk 0:36:34]} 23. Rxd1 {[%clk 0:12:10]} Rd8 {[%clk 0:36:52]} 24. Rxd8+
{[%clk 0:10:04]} Qxd8 {[%clk 0:37:19]} 25. a3 {[%clk 0:10:13]} Be7
{[%clk 0:36:23]} 26. b4 {[%clk 0:07:26]} a5 {[%clk 0:30:15]} 27. Bc3
{[%clk 0:07:52]} axb4 {[%clk 0:30:38]} 28. axb4 {[%clk 0:08:18]} Qa8
{[%clk 0:30:36]} 29. f3 {[%clk 0:08:03]} Qa3 {[%clk 0:20:20]} 30. Qd2
{[%clk 0:08:22]} b5 {[%clk 0:18:09]} 31. Bb2 {[%clk 0:02:46]} Qxb4
{[%clk 0:16:18]} 32. Qxb4 {[%clk 0:03:05]} Bxb4 {[%clk 0:16:42]} 33. cxb5
{[%clk 0:03:31]} Bc5+ {[%clk 0:16:58]} 34. Kf1 {[%clk 0:02:35]} Kf8
{[%clk 0:12:48]} 35. Nd3 {[%clk 0:01:53]} Bd6 {[%clk 0:12:47]} 36. Bb3
{[%clk 0:01:40]} 1/2-1/2

[Event "Superfinal Championship 2022 Men"]
[Site "Cheboksary"]
[Date "2022.09.19"]
[Round "8.1"]
[White "Iljiushenok, Ilia"]
[Black "Nesterov, Arseniy"]
[Result "1/2-1/2"]
[BlackElo "2575"]
[WhiteElo "2551"]
[LiveChessVersion "1.4.8"]

1. e4 {[%clk 1:30:56]} e5 {[%clk 1:30:55]} 2. Nf3 {[%clk 1:31:21]} Nc6
{[%clk 1:31:20]} 3. Nc3 {[%clk 1:31:47]} Nf6 {[%clk 1:31:44]} 4. Bb5
{[%clk 1:32:14]} Nd4 {[%clk 1:31:41]} 5. Bc4 {[%clk 1:32:40]} d6 {[%clk 1:25:30]}
6. Nxd4 {[%clk 1:32:54]} exd4 {[%clk 1:25:58]} 7. Nd5 {[%clk 1:33:18]} Nd7
{[%clk 1:24:03]} 8. d3 {[%clk 1:31:11]} c6 {[%clk 1:16:57]} 9. Nf4
{[%clk 1:31:23]} g6 {[%clk 1:11:42]} 10. a3 {[%clk 1:27:37]} Bg7 {[%clk 1:11:49]}
11. Ba2 {[%clk 1:27:47]} Qe7 {[%clk 0:49:07]} 12. O-O {[%clk 1:22:18]} O-O
{[%clk 0:48:21]} 13. Bd2 {[%clk 1:15:30]} Nc5 {[%clk 0:40:05]} 14. Qe1
{[%clk 1:00:37]} Kh8 {[%clk 0:34:05]} 15. f3 {[%clk 0:57:18]} Be6
{[%clk 0:28:17]} 16. Nxe6 {[%clk 0:56:07]} fxe6 {[%clk 0:28:42]} 17. Qg3
{[%clk 0:56:05]} e5 {[%clk 0:26:15]} 18. Qh3 {[%clk 0:53:18]} Rad8
{[%clk 0:22:30]} 19. Rad1 {[%clk 0:43:46]} d5 {[%clk 0:21:47]} 20. Bb4
{[%clk 0:42:11]} b6 {[%clk 0:20:52]} 21. f4 {[%clk 0:34:20]} a5 {[%clk 0:17:10]}
22. Bxc5 {[%clk 0:32:48]} bxc5 {[%clk 0:10:41]} 23. g3 {[%clk 0:25:46]} c4
{[%clk 0:03:30]} 24. exd5 {[%clk 0:14:02]} cxd5 {[%clk 0:03:33]} 25. fxe5
{[%clk 0:08:40]} Rxf1+ {[%clk 0:03:24]} 26. Qxf1 {[%clk 0:09:04]} Rf8
{[%clk 0:03:47]} 27. Qg2 {[%clk 0:09:06]} Bh6 {[%clk 0:03:38]} 28. Qxd5
{[%clk 0:08:14]} Be3+ {[%clk 0:03:57]} 29. Kh1 {[%clk 0:08:38]} Rf2
{[%clk 0:01:56]} 30. e6 {[%clk 0:04:17]} Rf5 {[%clk 0:00:39]} 31. Qa8+
{[%clk 0:03:29]} Kg7 {[%clk 0:00:46]} 32. Bxc4 {[%clk 0:03:36]} Qf6
{[%clk 0:01:01]} 33. Qg2 {[%clk 0:02:42]} Kh6 {[%clk 0:00:45]} 34. Bd5
{[%clk 0:02:20]} Rf2 {[%clk 0:00:49]} 35. Qh3+ {[%clk 0:02:35]} Kg7
{[%clk 0:01:18]} 36. b4 {[%clk 0:01:52]} axb4 {[%clk 0:01:25]} 37. axb4
{[%clk 0:02:21]} Rxc2 {[%clk 0:01:30]} 38. b5 {[%clk 0:01:52]} Qe5
{[%clk 0:00:48]} 39. Bc6 {[%clk 0:01:34]} h5 {[%clk 0:00:39]} 40. Rf1
{[%clk 0:31:06]} Kh6 {[%clk 0:30:40]} 41. g4 {[%clk 0:22:51]} Rb2
{[%clk 0:24:37]} 42. gxh5 {[%clk 0:22:29]} g5 {[%clk 0:24:11]} 43. Bg2
{[%clk 0:10:17]} Bf4 {[%clk 0:19:07]} 44. e7 {[%clk 0:08:06]} Qxe7
{[%clk 0:16:58]} 45. Qf5 {[%clk 0:08:35]} Qd6 {[%clk 0:15:41]} 46. Ra1
{[%clk 0:08:43]} Kxh5 {[%clk 0:10:53]} 47. Qh7+ {[%clk 0:08:55]} Qh6
{[%clk 0:11:15]} 48. Bf3+ {[%clk 0:08:51]} g4 {[%clk 0:11:42]} 49. Qf5+
{[%clk 0:05:20]} Qg5 {[%clk 0:12:07]} 50. Bxg4+ {[%clk 0:04:19]} Kh4
{[%clk 0:12:31]} 51. Qh7+ {[%clk 0:03:34]} Qh6 {[%clk 0:12:57]} 52. Qxh6+
{[%clk 0:03:02]} Bxh6 {[%clk 0:13:25]} 53. Bd7 {[%clk 0:02:42]} Bf4
{[%clk 0:13:41]} 54. Rf1 {[%clk 0:02:16]} Bxh2 {[%clk 0:12:25]} 55. Rf7
{[%clk 0:01:39]} Be5 {[%clk 0:12:02]} 56. Rf5 {[%clk 0:01:12]} Kg3
{[%clk 0:10:42]} 57. Rg5+ {[%clk 0:01:36]} Kf4 {[%clk 0:11:09]} 58. Rf5+
{[%clk 0:01:26]} Kg3 {[%clk 0:11:38]} 59. Rg5+ {[%clk 0:01:51]} 1/2-1/2

[Event "Superfinal Championship 2022 Men"]
[Site "Cheboksary"]
[Date "2022.09.19"]
[Round "8.2"]
[White "Sjugirov, Sanan"]
[Black "Matlakov, Maxim"]
[Result "1-0"]
[BlackElo "2671"]
[WhiteElo "2703"]
[LiveChessVersion "1.4.8"]

1. e4 {[%clk 1:30:56]} e5 {[%clk 1:30:33]} 2. Nf3 {[%clk 1:31:17]} Nc6
{[%clk 1:30:58]} 3. Bb5 {[%clk 1:31:03]} a6 {[%clk 1:31:08]} 4. Ba4
{[%clk 1:31:21]} Nf6 {[%clk 1:31:33]} 5. O-O {[%clk 1:31:31]} Be7
{[%clk 1:31:52]} 6. d3 {[%clk 1:31:49]} b5 {[%clk 1:31:02]} 7. Bb3
{[%clk 1:32:12]} d6 {[%clk 1:31:27]} 8. c3 {[%clk 1:32:25]} O-O {[%clk 1:31:28]}
9. h3 {[%clk 1:32:48]} Bb7 {[%clk 1:30:42]} 10. Bc2 {[%clk 1:33:02]} Re8
{[%clk 1:27:36]} 11. Re1 {[%clk 1:32:53]} Nb8 {[%clk 1:26:41]} 12. Nbd2
{[%clk 1:31:48]} Nbd7 {[%clk 1:24:00]} 13. d4 {[%clk 1:31:49]} Bf8
{[%clk 1:23:03]} 14. a4 {[%clk 1:32:02]} d5 {[%clk 1:07:34]} 15. axb5
{[%clk 1:06:18]} dxe4 {[%clk 0:33:23]} 16. Nxe4 {[%clk 1:04:00]} exd4
{[%clk 0:31:54]} 17. Nxf6+ {[%clk 0:52:09]} Nxf6 {[%clk 0:26:18]} 18. Rxe8
{[%clk 0:51:00]} Qxe8 {[%clk 0:23:23]} 19. bxa6 {[%clk 0:51:13]} dxc3
{[%clk 0:21:27]} 20. Bd3 {[%clk 0:47:38]} Nd7 {[%clk 0:13:16]} 21. Bb5
{[%clk 0:27:48]} c6 {[%clk 0:13:36]} 22. Bc4 {[%clk 0:27:49]} Nb6
{[%clk 0:04:30]} 23. Bd3 {[%clk 0:19:40]} c5 {[%clk 0:03:44]} 24. Qb3
{[%clk 0:19:02]} Bxf3 {[%clk 0:02:51]} 25. gxf3 {[%clk 0:19:01]} c4
{[%clk 0:02:50]} 26. Bxc4 {[%clk 0:19:05]} Bc5 {[%clk 0:00:35]} 27. Qxc3
{[%clk 0:18:19]} Rc8 {[%clk 0:00:32]} 28. b3 {[%clk 0:15:15]} Nxc4
{[%clk 0:01:01]} 29. bxc4 {[%clk 0:15:26]} Qe2 {[%clk 0:01:29]} 30. Be3
{[%clk 0:10:54]} Qxf3 {[%clk 0:01:05]} 31. Bd4 {[%clk 0:11:16]} Qxc3
{[%clk 0:01:23]} 32. Bxc3 {[%clk 0:11:41]} Ba7 {[%clk 0:01:01]} 33. Bd2
{[%clk 0:08:15]} Kf8 {[%clk 0:01:16]} 34. Be3 {[%clk 0:07:35]} Ra8
{[%clk 0:01:01]} 35. c5 {[%clk 0:06:47]} Ke7 {[%clk 0:00:58]} 36. Rb1
{[%clk 0:06:59]} Ke6 {[%clk 0:00:42]} 37. Rb7 {[%clk 0:07:19]} g5
{[%clk 0:01:00]} 38. Kg2 {[%clk 0:02:21]} h6 {[%clk 0:01:17]} 39. Rb6+
{[%clk 0:02:03]} Kd5 {[%clk 0:01:12]} 40. Rxh6 {[%clk 0:31:47]} Bxc5
{[%clk 0:30:57]} 41. Bxc5 {[%clk 0:23:26]} Kxc5 {[%clk 0:30:35]} 42. Kg3
{[%clk 0:23:44]} Kd5 1-0

[Event "Superfinal Championship 2022 Men"]
[Site "Cheboksary"]
[Date "2022.09.19"]
[Round "8.3"]
[White "Esipenko, Andrey"]
[Black "Najer, Evgeniy"]
[Result "1/2-1/2"]
[BlackElo "2676"]
[WhiteElo "2678"]
[LiveChessVersion "1.4.8"]

1. e4 {[%clk 1:30:56]} e5 {[%clk 1:30:23]} 2. Nf3 {[%clk 1:31:16]} Nc6
{[%clk 1:30:46]} 3. Bb5 {[%clk 1:31:39]} a6 {[%clk 1:31:07]} 4. Ba4
{[%clk 1:32:03]} Nf6 {[%clk 1:31:30]} 5. O-O {[%clk 1:32:27]} Nxe4
{[%clk 1:31:40]} 6. d4 {[%clk 1:32:50]} b5 {[%clk 1:31:44]} 7. Bb3
{[%clk 1:33:14]} d5 {[%clk 1:32:09]} 8. dxe5 {[%clk 1:33:34]} Be6
{[%clk 1:32:34]} 9. c3 {[%clk 1:33:59]} Bc5 {[%clk 1:32:38]} 10. Nbd2
{[%clk 1:34:11]} O-O {[%clk 1:32:22]} 11. Bc2 {[%clk 1:34:26]} Nxf2
{[%clk 1:32:35]} 12. Rxf2 {[%clk 1:34:52]} f6 {[%clk 1:32:49]} 13. Nf1
{[%clk 1:35:14]} Bxf2+ {[%clk 1:33:02]} 14. Kxf2 {[%clk 1:35:39]} fxe5
{[%clk 1:33:23]} 15. Kg1 {[%clk 1:36:03]} Bg4 {[%clk 1:33:15]} 16. Ne3
{[%clk 1:35:56]} Be6 {[%clk 1:33:39]} 17. Nf1 {[%clk 1:28:49]} Bg4
{[%clk 1:33:20]} 18. Ne3 {[%clk 1:28:58]} Be6 {[%clk 1:33:36]} 19. b3
{[%clk 1:26:14]} a5 {[%clk 1:33:31]} 20. Bb2 {[%clk 1:13:51]} Qe7
{[%clk 1:33:26]} 21. Qe1 {[%clk 0:45:13]} 1/2-1/2

[Event "Superfinal Championship 2022 Men"]
[Site "Cheboksary"]
[Date "2022.09.19"]
[Round "8.4"]
[White "Tomashevsky, Evgeny"]
[Black "Chigaev, Maksim"]
[Result "1-0"]
[BlackElo "2641"]
[WhiteElo "2700"]
[LiveChessVersion "1.4.8"]

1. c4 {[%clk 1:30:53]} e5 {[%clk 1:30:51]} 2. g3 {[%clk 1:31:14]} c6
{[%clk 1:31:11]} 3. Nf3 {[%clk 1:28:36]} e4 {[%clk 1:30:56]} 4. Nd4
{[%clk 1:28:56]} d5 {[%clk 1:31:13]} 5. cxd5 {[%clk 1:27:34]} Qxd5
{[%clk 1:30:55]} 6. Nc2 {[%clk 1:27:53]} Nf6 {[%clk 1:31:12]} 7. Nc3
{[%clk 1:27:34]} Qe5 {[%clk 1:31:19]} 8. Bg2 {[%clk 1:27:30]} Na6
{[%clk 1:31:24]} 9. O-O {[%clk 1:25:49]} Be7 {[%clk 1:30:51]} 10. Ne3
{[%clk 1:26:01]} h5 {[%clk 1:30:55]} 11. d4 {[%clk 1:21:35]} exd3
{[%clk 1:30:30]} 12. exd3 {[%clk 1:21:59]} Qd4 {[%clk 1:30:47]} 13. Ne2
{[%clk 1:22:16]} Qd8 {[%clk 1:28:03]} 14. b3 {[%clk 0:55:56]} O-O
{[%clk 0:40:19]} 15. Bb2 {[%clk 0:47:20]} Ng4 {[%clk 0:31:20]} 16. Nf4
{[%clk 0:26:23]} Bf6 {[%clk 0:29:45]} 17. Bxf6 {[%clk 0:24:08]} Nxf6
{[%clk 0:25:18]} 18. Nxh5 {[%clk 0:23:44]} Nxh5 {[%clk 0:24:35]} 19. Qxh5
{[%clk 0:24:11]} Qxd3 {[%clk 0:23:50]} 20. Rfd1 {[%clk 0:23:35]} Qh7
{[%clk 0:22:33]} 21. Qa5 {[%clk 0:21:56]} Bh3 {[%clk 0:17:04]} 22. Bxc6
{[%clk 0:20:18]} bxc6 {[%clk 0:17:21]} 23. Qxa6 {[%clk 0:20:46]} Qe4
{[%clk 0:15:21]} 24. Qc4 {[%clk 0:19:05]} Qg6 {[%clk 0:15:36]} 25. Rac1
{[%clk 0:17:16]} Rac8 {[%clk 0:13:31]} 26. Qh4 {[%clk 0:13:09]} Be6
{[%clk 0:13:44]} 27. Rc5 {[%clk 0:12:47]} Rfe8 {[%clk 0:12:21]} 28. Rh5
{[%clk 0:09:54]} f6 {[%clk 0:12:47]} 29. Rh8+ {[%clk 0:10:17]} Kf7
{[%clk 0:13:12]} 30. Rxe8 {[%clk 0:10:44]} Rxe8 {[%clk 0:13:36]} 31. Qa4
{[%clk 0:11:09]} Qh5 {[%clk 0:13:53]} 32. Qxc6 {[%clk 0:09:08]} Bh3
{[%clk 0:08:49]} 33. Qd5+ {[%clk 0:06:03]} Qxd5 {[%clk 0:08:06]} 34. Rxd5
{[%clk 0:06:31]} f5 {[%clk 0:05:16]} 35. Rd3 {[%clk 0:05:00]} f4 {[%clk 0:03:17]}
36. gxf4 {[%clk 0:05:18]} Re4 {[%clk 0:03:43]} 37. f5 {[%clk 0:05:15]} 1-0

[Event "Superfinal Championship 2022 Men"]
[Site "Cheboksary"]
[Date "2022.09.19"]
[Round "8.6"]
[White "Murzin, Volodar"]
[Black "Rakhmanov, Aleksandr"]
[Result "1/2-1/2"]
[BlackElo "2633"]
[WhiteElo "2534"]
[LiveChessVersion "1.4.8"]

1. e4 {[%clk 1:30:56]} e5 {[%clk 1:30:35]} 2. Nf3 {[%clk 1:31:21]} Nf6
{[%clk 1:31:00]} 3. Nc3 {[%clk 1:31:35]} Nc6 {[%clk 1:30:24]} 4. d4
{[%clk 1:31:57]} exd4 {[%clk 1:30:48]} 5. Nxd4 {[%clk 1:32:24]} Bb4
{[%clk 1:31:04]} 6. Nxc6 {[%clk 1:32:48]} bxc6 {[%clk 1:31:29]} 7. Bd3
{[%clk 1:33:14]} d5 {[%clk 1:31:39]} 8. exd5 {[%clk 1:33:37]} O-O
{[%clk 1:31:58]} 9. O-O {[%clk 1:34:02]} Bg4 {[%clk 1:32:14]} 10. f3
{[%clk 1:34:27]} Bh5 {[%clk 1:32:39]} 11. Bg5 {[%clk 1:34:33]} cxd5
{[%clk 1:32:37]} 12. Bxf6 {[%clk 1:34:57]} Qxf6 {[%clk 1:32:59]} 13. Nxd5
{[%clk 1:35:22]} Qxb2 {[%clk 1:32:57]} 14. Rb1 {[%clk 1:35:44]} Bc5+
{[%clk 1:33:19]} 15. Kh1 {[%clk 1:36:10]} Qe5 {[%clk 1:33:38]} 16. f4
{[%clk 1:36:33]} Bxd1 {[%clk 1:33:57]} 17. fxe5 {[%clk 1:36:59]} Bg4
{[%clk 1:34:16]} 18. Nxc7 {[%clk 1:35:40]} Rac8 {[%clk 1:33:55]} 19. Rb7
{[%clk 1:35:39]} Rfd8 {[%clk 1:34:11]} 20. e6 {[%clk 1:35:18]} fxe6
{[%clk 1:34:18]} 21. Bc4 {[%clk 1:35:28]} Rf8 {[%clk 1:31:16]} 22. Rxf8+
{[%clk 1:35:00]} Bxf8 {[%clk 1:31:36]} 23. h3 {[%clk 1:33:28]} Bd6
{[%clk 1:15:41]} 24. hxg4 {[%clk 1:20:14]} Rxc7 {[%clk 1:16:04]} 25. Rxc7
{[%clk 1:20:40]} 1/2-1/2

[Event "Superfinal Championship 2022 Men"]
[Site "Cheboksary"]
[Date "2022.09.20"]
[Round "9.1"]
[White "Rakhmanov, Aleksandr"]
[Black "Iljiushenok, Ilia"]
[Result "0-1"]
[BlackElo "2551"]
[WhiteElo "2633"]
[LiveChessVersion "1.4.8"]

1. d4 {[%clk 1:30:48]} Nf6 {[%clk 1:30:54]} 2. c4 {[%clk 1:30:59]} e6
{[%clk 1:31:18]} 3. Nc3 {[%clk 1:30:56]} Bb4 {[%clk 1:31:42]} 4. e3
{[%clk 1:30:37]} O-O {[%clk 1:31:44]} 5. Bd3 {[%clk 1:29:21]} d5 {[%clk 1:31:25]}
6. a3 {[%clk 1:29:13]} Bxc3+ {[%clk 1:31:22]} 7. bxc3 {[%clk 1:29:36]} dxc4
{[%clk 1:31:38]} 8. Bxc4 {[%clk 1:30:00]} c5 {[%clk 1:31:41]} 9. Nf3
{[%clk 1:29:01]} Qc7 {[%clk 1:31:42]} 10. Be2 {[%clk 1:29:11]} b6
{[%clk 1:31:16]} 11. O-O {[%clk 1:28:33]} Bb7 {[%clk 1:31:38]} 12. Bb2
{[%clk 1:28:14]} Nbd7 {[%clk 1:26:42]} 13. c4 {[%clk 1:27:43]} Rfd8
{[%clk 1:25:56]} 14. Re1 {[%clk 1:19:45]} Rac8 {[%clk 1:24:51]} 15. Nd2
{[%clk 1:19:25]} cxd4 {[%clk 1:15:39]} 16. exd4 {[%clk 1:18:27]} Qf4
{[%clk 1:15:34]} 17. h3 {[%clk 0:51:48]} Ne5 {[%clk 0:59:36]} 18. Bf1
{[%clk 0:44:52]} Nfg4 {[%clk 0:57:26]} 19. hxg4 {[%clk 0:38:50]} Nxg4
{[%clk 0:57:50]} 20. Qxg4 {[%clk 0:38:56]} Qxg4 {[%clk 0:58:17]} 21. Re3
{[%clk 0:39:18]} Qf4 {[%clk 0:54:27]} 22. Rae1 {[%clk 0:39:37]} Rxd4
{[%clk 0:51:32]} 23. Bxd4 {[%clk 0:39:10]} Qxd4 {[%clk 0:51:59]} 24. Rd3
{[%clk 0:39:13]} Qf4 {[%clk 0:51:34]} 25. Nb3 {[%clk 0:39:06]} h5
{[%clk 0:50:36]} 26. Nd4 {[%clk 0:38:52]} Rxc4 {[%clk 0:49:35]} 27. Nxe6
{[%clk 0:38:54]} fxe6 {[%clk 0:47:49]} 28. Rd8+ {[%clk 0:38:58]} Kh7
{[%clk 0:46:47]} 29. Bd3+ {[%clk 0:38:04]} Be4 {[%clk 0:46:04]} 30. Bxc4
{[%clk 0:37:35]} Qg5 {[%clk 0:46:23]} 31. Rxe4 {[%clk 0:37:39]} Qxd8
{[%clk 0:46:48]} 32. Rxe6 {[%clk 0:36:10]} Qd1+ {[%clk 0:38:38]} 33. Bf1
{[%clk 0:35:53]} Qa1 {[%clk 0:38:24]} 34. Re3 {[%clk 0:35:25]} h4
{[%clk 0:37:58]} 35. Rd3 {[%clk 0:25:52]} Kg6 {[%clk 0:34:51]} 36. Rh3
{[%clk 0:24:47]} Kf6 {[%clk 0:31:38]} 37. Rf3+ {[%clk 0:23:21]} Kg5
{[%clk 0:27:34]} 38. Rh3 {[%clk 0:20:17]} Kg4 {[%clk 0:27:17]} 39. Rf3
{[%clk 0:16:01]} g6 {[%clk 0:25:00]} 40. Rd3 {[%clk 0:42:05]} g5 {[%clk 0:53:02]}
41. Re3 {[%clk 0:40:56]} b5 {[%clk 0:48:50]} 42. Rf3 {[%clk 0:32:17]} a5
{[%clk 0:31:03]} 43. Re3 {[%clk 0:29:26]} a4 {[%clk 0:27:06]} 44. Re4+
{[%clk 0:28:27]} Kh5 {[%clk 0:27:05]} 45. Rb4 {[%clk 0:28:38]} Qxa3
{[%clk 0:26:06]} 46. Be2+ {[%clk 0:28:40]} Kg6 {[%clk 0:25:41]} 47. Rxb5
{[%clk 0:28:56]} Qc1+ {[%clk 0:24:48]} 48. Kh2 {[%clk 0:25:52]} Qf4+
{[%clk 0:19:55]} 49. Kg1 {[%clk 0:24:50]} g4 {[%clk 0:20:05]} 50. Rb6+
{[%clk 0:23:45]} Kg7 {[%clk 0:19:50]} 51. Rb7+ {[%clk 0:23:31]} Kh8
{[%clk 0:19:48]} 0-1

[Event "Superfinal Championship 2022 Men"]
[Site "Cheboksary"]
[Date "2022.09.20"]
[Round "9.3"]
[White "Chigaev, Maksim"]
[Black "Artemiev, Vladislav"]
[Result "1/2-1/2"]
[BlackElo "2706"]
[WhiteElo "2641"]
[LiveChessVersion "1.4.8"]

1. e4 {[%clk 1:30:46]} e5 {[%clk 1:30:06]} 2. Nf3 {[%clk 1:31:04]} Nc6
{[%clk 1:30:18]} 3. d4 {[%clk 1:31:06]} exd4 {[%clk 1:30:20]} 4. Nxd4
{[%clk 1:31:24]} Nf6 {[%clk 1:28:50]} 5. Nxc6 {[%clk 1:31:03]} bxc6
{[%clk 1:29:07]} 6. e5 {[%clk 1:31:15]} Qe7 {[%clk 1:29:20]} 7. Qe2
{[%clk 1:31:32]} Nd5 {[%clk 1:29:34]} 8. g3 {[%clk 1:31:47]} g6 {[%clk 1:27:08]}
9. c4 {[%clk 1:31:46]} Ba6 {[%clk 1:17:17]} 10. b3 {[%clk 1:31:21]} Bg7
{[%clk 1:16:45]} 11. Bb2 {[%clk 1:31:23]} O-O {[%clk 1:15:28]} 12. Bg2
{[%clk 1:31:34]} Rae8 {[%clk 1:14:36]} 13. O-O {[%clk 1:30:52]} Bxe5
{[%clk 1:14:04]} 14. Qxe5 {[%clk 1:30:50]} Qxe5 {[%clk 1:14:25]} 15. Bxe5
{[%clk 1:31:09]} Rxe5 {[%clk 1:14:49]} 16. cxd5 {[%clk 1:31:22]} Bxf1
{[%clk 1:15:11]} 17. Kxf1 {[%clk 1:31:36]} cxd5 {[%clk 1:15:28]} 18. Na3
{[%clk 1:29:11]} c6 {[%clk 1:02:46]} 19. Rd1 {[%clk 1:27:54]} Rb8
{[%clk 0:45:31]} 20. Bf3 {[%clk 1:14:18]} a5 {[%clk 0:33:50]} 21. Nc2
{[%clk 1:08:02]} Kf8 {[%clk 0:31:22]} 22. Rd4 {[%clk 1:05:42]} Ree8
{[%clk 0:30:38]} 23. Be2 {[%clk 0:42:10]} Re4 {[%clk 0:29:41]} 24. Rd2
{[%clk 0:41:57]} Ree8 {[%clk 0:29:30]} 25. Rd4 {[%clk 0:36:12]} Re4
{[%clk 0:28:25]} 26. Rd2 {[%clk 0:36:36]} 1/2-1/2

[Event "Superfinal Championship 2022 Men"]
[Site "Cheboksary"]
[Date "2022.09.20"]
[Round "9.4"]
[White "Najer, Evgeniy"]
[Black "Tomashevsky, Evgeny"]
[Result "1/2-1/2"]
[BlackElo "2700"]
[WhiteElo "2676"]
[LiveChessVersion "1.4.8"]

1. e4 {[%clk 1:30:56]} e5 {[%clk 1:30:47]} 2. Nf3 {[%clk 1:31:21]} Nc6
{[%clk 1:31:11]} 3. Bb5 {[%clk 1:31:26]} Nf6 {[%clk 1:30:24]} 4. Nc3
{[%clk 1:30:38]} Bb4 {[%clk 1:28:53]} 5. O-O {[%clk 1:30:13]} O-O
{[%clk 1:29:02]} 6. d3 {[%clk 1:30:35]} Bxc3 {[%clk 1:28:15]} 7. bxc3
{[%clk 1:30:58]} d6 {[%clk 1:28:41]} 8. Re1 {[%clk 1:27:27]} a6 {[%clk 1:27:26]}
9. Bxc6 {[%clk 1:17:58]} bxc6 {[%clk 1:27:13]} 10. Bg5 {[%clk 1:16:08]} h6
{[%clk 1:17:07]} 11. Bh4 {[%clk 1:16:04]} Qe7 {[%clk 1:15:41]} 12. Nd2
{[%clk 1:05:54]} g5 {[%clk 0:35:33]} 13. Bg3 {[%clk 1:05:44]} Bg4
{[%clk 0:35:46]} 14. Qc1 {[%clk 1:00:47]} Nh5 {[%clk 0:30:19]} 15. Nf1
{[%clk 0:59:38]} c5 {[%clk 0:29:19]} 16. Rb1 {[%clk 0:39:15]} Rfb8
{[%clk 0:28:34]} 17. Qa3 {[%clk 0:37:35]} Qd8 {[%clk 0:20:36]} 18. Ne3
{[%clk 0:32:17]} Be6 {[%clk 0:21:00]} 19. Rbd1 {[%clk 0:32:17]} Qf6
{[%clk 0:18:57]} 20. Qa4 {[%clk 0:19:06]} Rb6 {[%clk 0:18:50]} 21. c4
{[%clk 0:14:06]} Rab8 {[%clk 0:16:38]} 1/2-1/2

[Event "Superfinal Championship 2022 Men"]
[Site "Cheboksary"]
[Date "2022.09.20"]
[Round "9.5"]
[White "Matlakov, Maxim"]
[Black "Esipenko, Andrey"]
[Result "1/2-1/2"]
[BlackElo "2678"]
[WhiteElo "2671"]
[LiveChessVersion "1.4.8"]

1. d4 {[%clk 1:30:54]} Nf6 {[%clk 1:30:53]} 2. c4 {[%clk 1:31:14]} e6
{[%clk 1:31:15]} 3. g3 {[%clk 1:31:33]} d5 {[%clk 1:31:38]} 4. Bg2
{[%clk 1:31:53]} dxc4 {[%clk 1:31:48]} 5. Nf3 {[%clk 1:32:08]} c5
{[%clk 1:32:02]} 6. O-O {[%clk 1:31:46]} Nc6 {[%clk 1:32:23]} 7. dxc5
{[%clk 1:29:51]} Qxd1 {[%clk 1:32:26]} 8. Rxd1 {[%clk 1:30:13]} Bxc5
{[%clk 1:32:51]} 9. Nbd2 {[%clk 1:30:13]} c3 {[%clk 1:33:01]} 10. bxc3
{[%clk 1:30:35]} O-O {[%clk 1:33:16]} 11. Nb3 {[%clk 1:30:01]} Be7
{[%clk 1:33:39]} 12. c4 {[%clk 1:30:11]} Bd7 {[%clk 1:33:56]} 13. Bb2
{[%clk 1:29:38]} Rfc8 {[%clk 1:34:10]} 14. c5 {[%clk 1:23:31]} Be8
{[%clk 1:34:21]} 15. Nfd2 {[%clk 1:22:58]} b6 {[%clk 1:34:09]} 16. cxb6
{[%clk 1:10:48]} axb6 {[%clk 1:34:33]} 17. Nc4 {[%clk 1:07:52]} 1/2-1/2

[Event "Superfinal Championship 2022 Men"]
[Site "Cheboksary"]
[Date "2022.09.20"]
[Round "9.6"]
[White "Nesterov, Arseniy"]
[Black "Sjugirov, Sanan"]
[Result "0-1"]
[BlackElo "2703"]
[WhiteElo "2575"]
[LiveChessVersion "1.4.8"]

1. d4 {[%clk 1:30:57]} Nf6 {[%clk 1:30:36]} 2. c4 {[%clk 1:31:20]} c6
{[%clk 1:30:30]} 3. Nc3 {[%clk 1:31:06]} d5 {[%clk 1:30:48]} 4. Nf3
{[%clk 1:30:35]} e6 {[%clk 1:30:50]} 5. e3 {[%clk 1:30:45]} Nbd7 {[%clk 1:31:02]}
6. Bd3 {[%clk 1:30:59]} dxc4 {[%clk 1:29:09]} 7. Bxc4 {[%clk 1:31:18]} b5
{[%clk 1:29:24]} 8. Bd3 {[%clk 1:31:40]} Bb7 {[%clk 1:18:49]} 9. O-O
{[%clk 1:31:52]} a6 {[%clk 1:18:22]} 10. e4 {[%clk 1:32:10]} c5 {[%clk 1:18:33]}
11. d5 {[%clk 1:32:34]} Qc7 {[%clk 1:13:00]} 12. Bc2 {[%clk 1:32:15]} O-O-O
{[%clk 1:10:08]} 13. Ng5 {[%clk 1:06:44]} Ne5 {[%clk 0:39:36]} 14. f4
{[%clk 0:42:12]} Ng6 {[%clk 0:37:16]} 15. f5 {[%clk 0:33:04]} exf5
{[%clk 0:32:43]} 16. Rxf5 {[%clk 0:33:11]} Bd6 {[%clk 0:31:44]} 17. Nf3
{[%clk 0:24:34]} h6 {[%clk 0:23:51]} 18. h3 {[%clk 0:24:40]} Kb8 {[%clk 0:23:05]}
19. Nd2 {[%clk 0:19:53]} Rhe8 {[%clk 0:20:29]} 20. Rf1 {[%clk 0:16:03]} c4
{[%clk 0:18:11]} 21. a3 {[%clk 0:07:37]} Nf4 {[%clk 0:16:43]} 22. Rf3
{[%clk 0:05:59]} Nh7 {[%clk 0:10:15]} 23. Kh1 {[%clk 0:04:43]} Ng5
{[%clk 0:10:26]} 24. Rf2 {[%clk 0:02:35]} f5 {[%clk 0:09:52]} 25. h4
{[%clk 0:02:01]} Nxe4 {[%clk 0:07:09]} 26. Ndxe4 {[%clk 0:02:23]} fxe4
{[%clk 0:07:31]} 27. Bxf4 {[%clk 0:00:49]} Bxf4 {[%clk 0:07:56]} 28. Qg4
{[%clk 0:00:56]} Be5 {[%clk 0:07:25]} 29. Bxe4 {[%clk 0:00:53]} h5
{[%clk 0:07:09]} 30. Qf3 {[%clk 0:00:34]} Qe7 {[%clk 0:07:03]} 31. Bf5
{[%clk 0:00:35]} Qxh4+ {[%clk 0:07:14]} 32. Bh3 {[%clk 0:01:02]} g5
{[%clk 0:06:38]} 0-1